000 00586nas a2200217 4500
001 BR5500195
003 BR-BrBNA
005 20231205081954.0
007 ta
008 230509b bl.|||p| |||| 00| 00por d
040 _aBR-BrBNA
_bpor
_cBiblioteca Nacional de Agricultura
041 _a(Pt)
072 _aL70
100 1 _aOliveira, P.F. de
245 1 _aQuando e como se deve vacinar
650 _aANIMAL DOMESTICO
650 _aVACINA
773 0 _tDIPAN (Brazil)
_x
_g(Jul 1955), v. 8(85) p. 33-38
_wBR5500195
909 _a202311
_bLúcia
_c55
_dLúcia Elande
942 _2AGRIS
_n0
_cANA
999 _c88251
_d88251